Vplyv vonkajšieho prostredia, osobitne procesov SEI, na formovanie zahraničnoekonomických vzťahov ČSSR čiastková výskumná úloha ŠPEV 907-108-101

Saved in:
Bibliographic Details
Format: Book
Language:Slovak
Published: Bratislava VŠE 1989
Tags: Add Tag
No Tags, Be the first to tag this record!

MARC

LEADER 00000nam a2200000 4500
001 c029295
005 20260325113509.2
041 0 |a slo 
044 |a SK 
245 1 0 |a Vplyv vonkajšieho prostredia, osobitne procesov SEI, na formovanie zahraničnoekonomických vzťahov ČSSR  |b čiastková výskumná úloha ŠPEV 907-108-101 
264 1 |a Bratislava  |b VŠE  |c 1989 
300 |a 148 s.